Alphabet Chain Vocabulary Quiz Stats

Quiz Updated Jul 7, 2015

Also try: A-Z Spelling Bee
Challenge
Share
Tweet
Embed
Score 0/26 Timer 06:00
0 Plays Today
% Correct
Nacho
96.4%
Flung
94.1%
Zebra
93.9%
View
92.1%
UV
91.5%
Junk
90.9%
Thou
90%
Quiver
89.8%
Engulf
89.4%
Deuce
89.2%
Cloud
88.7%
Knoll
87.9%
Yutz
87.7%
% Correct
Humeri
87%
Graph
84.1%
Acerb
77.3%
Basic
73.7%
Scant
71.2%
Maven
71%
XXY
62.6%
PQ
56.3%
Rebus
53.4%
IJ
49.2%
Wax
48.7%
Locum
45.8%
Orlop
42.1%

You're not logged in!

Compare scores with friends on all Sporcle quizzes.
Join for Free
OR
Log In

You Might Also Like...

Show Comments

Extras

Top Quizzes Today


Score Distribution

Your Account Isn't Verified!

In order to create a playlist on Sporcle, you need to verify the email address you used during registration. Go to your Sporcle Settings to finish the process.

Report this User

Report this user for behavior that violates our Community Guidelines.

Details: